| 000 | 01091nam a2200229Ia 4500 | ||
|---|---|---|---|
| 001 | L241-13494 | ||
| 003 | IT-CnALBA | ||
| 008 | 170116s9999||||xx |||||||||||||| ||und|| | ||
| 040 |
_aIT-CnALBA _cIT-CnALBA |
||
| 041 | _aITALIANO | ||
| 100 | _aCHIAVACCI ENRICO | ||
| 245 | 0 | _aINTRODUZIONE ALL'ETICA SOCIALE. | |
| 250 | _a1a ed. | ||
| 260 |
_a ROMA. VERONA _bSTUDIUM EDITRICE _c1966 [1° Ed.: n.d.] |
||
| 300 | _a123 p. (prefazione: 5) | ||
| 500 | _aNATURA SOCIALE DELL'UOMO. DEFINIZIONE DI SOCIETÀ. ANALISI. CLASSIFICAZIONE. ANALOGIA. BENE COMUNE E PRIVATO. SOLIDARIETÀ E SUSSIDIARIETA'. SVILUPPO SOCIALE CRISTIANO. DIRITTO DELLA CHIESA. RIVELAZIONE DIVINA. | ||
| 501 | _aSocietà San Paolo EM - Piazza San Paolo, 14 - 12051 ALBA (CN) (non commercial uses only) ® Copyright 2017 | ||
| 520 | _aNATURA SOCIALE DELL'UOMO. DEFINIZIONE DI SOCIETÀ. ANALISI. CLASSIFICAZIONE. ANALOGIA. BENE COMUNE E PRIVATO. SOLIDARIETÀ E SUSSIDIARIETA'. SVILUPPO SOCIALE CRISTIANO. DIRITTO DELLA CHIESA. RIVELAZIONE DIVINA. | ||
| 650 | _aMORALE CATTOLICA | ||
| 942 | _cBK | ||
| 957 | _71 | ||
| 999 |
_a18247 _bNO _g Copie: 1 _c272670 _d272670 |
||